000 00706nam a22001697a 4500
999 _c10170
_d10170
008 180804b ||||| |||| 00| 0 eng d
082 _22018
_aUT 1032
_bM38
100 _930007
_aMarturillas, Karleen Marie D.
245 _aManagement practices and employees performance in selected appliance center/
_cKarleen Marie D. Marturillas, Stephen Marie W. Calle and Emy Grace P. Olim.
260 _aDigos City:
_bUMDC
_cApril 2018.
300 _a69 pages;
_b30 cm.
650 0 _930008
_aBusiness Administration.
_vMarketing Management
_xUndergraduate thesis.
700 _930009
_aMarturillas, Karleen Marie D.
700 _930010
_aCalle, Stephen Marie W.
700 _930011
_aOlim, Emy Grace P.
942 _2ddc
_cUT